000 00547nam a22002297a 4500
003 UA-OsUOA
001 64177
007 ta
008 20091102b un ||||| |||| 00| 0 ukr d
100 _aГлаголев Н.
090 _a514
_bГ52
942 _cBK
040 _aUA-OsUOA
_brus
_cUA-OsUOA
_dUA-OsUOA
245 _aНачертательная геометрия
300 _a220 с.
955 _a2
041 _arus
080 _a514
260 _aМ.
_bГИТТЛ
_c1953
650 7 _a514 Геометрія
_2UDC
999 _c350197
_d350197